Retentions on the wane (Record no. 76325)

MARC details
000 -LEADER
fixed length control field 00854cab a2200181 4500
001 - CONTROL NUMBER
control field ##L132104
008 - FIXED-LENGTH DATA ELEMENTS--GENERAL INFORMATION
fixed length control field 060110n2006 000 0 eng u
035 ## - SYSTEM CONTROL NUMBER
System control number (Sirsi) u132104
041 0# - LANGUAGE CODE
Language code of text/sound track or separate title eng
100 1# - MAIN ENTRY--PERSONAL NAME
Personal name Lynch, Russ
245 00 - TITLE STATEMENT
Title Retentions on the wane
260 ## - PUBLICATION, DISTRIBUTION, ETC.
Date of publication, distribution, etc. 2006
490 #0 - SERIES STATEMENT
Series statement Construction News
Volume/sequential designation 6948, 6 January 2006, 10-11(2)
520 ## - SUMMARY, ETC.
Summary, etc. A survey by Construction News has revealed that many local authorities are now discontinuing the practice of making retentions on construction projects. The survey also revealed that not all councils automatically return retentions to contractors at the end of the defect period. Contains table showing the amount of retentions held by a number of local authorities.
590 ## - LOCAL NOTE (RLIN)
Local note IKA170106
690 ## - LOCAL SUBJECT ADDED ENTRY--TOPICAL TERM (OCLC, RLIN)
Topical term or geographic name as entry element BUILT ENVIRONMENT-CONSTRUCTION MANAGEMENT-BUILDING CONTRACT ADMINISTRATION
942 ## - ADDED ENTRY ELEMENTS (KOHA)
Suppress in OPAC 0
Holdings
Withdrawn status Lost status Source of classification or shelving scheme Damaged status Not for loan Home library Current library Shelving location Date acquired Total Checkouts Full call number Barcode Date last seen Copy number Price effective from Koha item type
    Dewey Decimal Classification     London London Journal article 10/01/2006   L132104 132104-1001 06/08/2019 1 06/08/2019 Archive